000 00629cam a2200217ua 4500
001 6861
005 20260515114122.0
008 140311n ii |||gr||||Z||||||asm
040 _cMAIN
082 _a651
245 _aByabasaya sangathan aru banijyik paddhoti
_cBy Debadas Bharali
250 _a4th ed. /
_bFor class XII.
260 _aGuwahati:
_bAssam book depot,
_c1998.
300 _aviii,302p.
653 _aOffice services
653 _aByabasaya sangathan aru banijyik paddhoti
700 _aBharali,Debadas,
_eAuthor.,
700 _aSikdar,Sujit,
_eAuthor.
700 _aSharma,Vivekananda,
_eAuthor.
942 _cBK
999 _c6003
_d6003